00195nam a2200073Ia 4500008004100000082000800041100001700049245005500066240331s9999 xx 000 0 und d bSAR aSaravanan, N 0aElangai :barasiyal penkalum, penkalin arasiyalum